000
00305nam a22001097a 4500
008
170124b xxu||||| |||| 00| 0 eng d
020
_a
9780827349391
041
_a
eng
080
_2
3RD
_a
618.2
245
_a
THE NURSING PROCESS IN THE CARE OF ADULTS WITH OTHOPAEDIC CONDITIONS
_c
MOURAD, L.A
942
_2
udc
_c
BK
999
_c
3549
_d
3549